| 000 | 00803nam a2200253 4500 | ||
|---|---|---|---|
| 001 | 174534 | ||
| 003 | ES-MaACL | ||
| 005 | 20250824012920.0 | ||
| 008 | 100504s1994 sp |||| | spa d | ||
| 017 | _aM 39566-1994 | ||
| 020 | _a84-88659-03-2 | ||
| 080 | _a792(460)"19" | ||
| 100 | 1 |
_aMiralles, Alberto. _981482 |
|
| 245 | 1 | 0 |
_aAproximación al teatro alternativo / _cAlberto Miralles. |
| 260 |
_aMadrid : _bAsociación de Autores de Teatro, _cD.L. 1994. |
||
| 300 |
_a76 p. ; _c24 cm. |
||
| 490 | 1 |
_aDamos la palabra. _aEnsayo ; _v3 |
|
| 500 | _aÍndice onomástico. | ||
| 650 | 7 |
_aTeatro alternativo _2embne _9142682 |
|
| 710 | 2 |
_aAsociación de Autores de Teatro. _91565 |
|
| 830 | 0 |
_aDamos la palabra. _aEnsayo ; _v3 _9179392 |
|
| 852 | 4 |
_a BA _jC-57190 |
|
| 999 |
_c174534 _d174534 |
||